CA (Record no. 1813)

MARC details
000 -LEADER
fixed length control field 00404nam a2200145Ia 4500
008 - FIXED-LENGTH DATA ELEMENTS--GENERAL INFORMATION
fixed length control field 230312s9999||||xx |||||||||||||| ||und||
020 ## - INTERNATIONAL STANDARD BOOK NUMBER
International Standard Book Number 969854612
082 ## - DEWEY DECIMAL CLASSIFICATION NUMBER
Classification number 545
Item number CAS
245 #0 - TITLE STATEMENT
Title CA
260 ## - PUBLICATION, DISTRIBUTION, ETC.
Name of publisher, distributor, etc. Professional Business Publications
Place of publication, distribution, etc. Lahore
Date of publication, distribution, etc. 2002
300 ## - PHYSICAL DESCRIPTION
Extent 674
546 ## - LANGUAGE NOTE
Language note Eng.
650 ## - SUBJECT ADDED ENTRY--TOPICAL TERM
Topical term or geographic name entry element Accounting
Form subdivision Introduction to business and commerce, Accounting theory, Special Accounts
942 ## - ADDED ENTRY ELEMENTS (KOHA)
Koha item type BOOK
Holdings
Withdrawn status Lost status Source of classification or shelving scheme Damaged status Not for loan Home library Current library Date acquired Total Checkouts Full call number Barcode Date last seen Price effective from Koha item type
    Dewey Decimal Classification     Superior Information Resource Center (SIRC) Superior University - City Campus Superior Information Resource Center (SIRC) Superior University - City Campus 03/13/2023   545 CAS 1823 03/13/2023 03/13/2023 BOOK

Powered by Koha